Listy dvou Janů : [Jana Husa a Jana Žižky z Trocnova] ; (k vydání připravili a poznámkami opatřili Anna Císařová-Kolářová a Jiří Daňhelka)

Hlavní autor: Hus, Jan, asi 1371-1415
Další autoři: Císařová-Kolářová, Anna, 1887-1963, Daňhelka, Jiří, 1919-1993, Žižka z Trocnova, Jan, asi 1360-1424
Jazyk: Čeština
Vydáno: V Praze : Elk, 1949
Témata:
Externí odkaz: Digitalizovaný dokument
Fyzický popis: 233, 2 s.
Knihy
Uloženo v:
LEADER 01463nam a22003252a 4500
001 000231053
003 CZ BrMZK
005 20160826092933.0
007 ta
008 010907s1949 xr f cze d
015 |a cnb000675385 
035 |a (OCoLC)85433206 
040 |a BOA001  |b cze 
100 1 |a Hus, Jan,  |d asi 1371-1415  |7 jk01043287  |4 aut 
245 1 0 |a Listy dvou Janů :  |b [Jana Husa a Jana Žižky z Trocnova] ; (k vydání připravili a poznámkami opatřili Anna Císařová-Kolářová a Jiří Daňhelka) 
260 |a V Praze :  |b Elk,  |c 1949 
300 |a 233, 2 s. 
500 |a Typografická úprava, obálka a vazba podle návrhu Oldřicha Menharta 
500 |a Doslov napsal F. M. Bartoš 
700 1 |a Císařová-Kolářová, Anna,  |d 1887-1963  |7 jk01061296  |4 edt  |4 ann 
700 1 |a Daňhelka, Jiří,  |d 1919-1993  |7 jk01022039  |4 edt  |4 ann 
700 1 |a Žižka z Trocnova, Jan,  |d asi 1360-1424  |7 jn19981002498  |4 aut 
856 4 1 |u http://www.digitalniknihovna.cz/mzk/uuid/uuid:11835520-63e0-11e2-bc24-005056827e51  |y Digitalizovaný dokument  |x NDK 
910 |a BOA001  |b PK-II-0026.111  |b 2-0231.624 
920 |a 000178773 
964 |a Žižka z Trocnova, Jan - ca 1360-1424 - listy 
964 |a Hus, Jan - ca 1371-1415 - listy 
990 |a BK 
996 6 |b 2619944244  |c 2-0231.624  |l MZK  |r Sklad / do 24 hodin  |n 4  |w 000231053  |u 000020  |a 1  |e BOA001  |j MZK50  |s P 
996 7 |b 3119906060  |c PK-II-0026.111  |l MZK  |r Sklad / do 1 hodiny  |n 8  |w 000231053  |u 000010  |a 1  |e BOA001  |j MZK50  |s A